|
|
|
|
| LEADER |
00564nam a22001691a 4500 |
| 020 |
|
|
|c 0.00
|
| 040 |
|
|
|a SSUS - Library - Kalady
|
| 082 |
|
|
|a H1092 GUP BIS
|b N92
|
| 100 |
|
|
|a Matha Prasad Gupta
|
| 245 |
|
|
|a Bhisledev Ras
|h [Text]
|
| 260 |
|
|
|a Allahabad
|b Hindi Parishad
|c 1992
|
| 300 |
|
|
|a 392p.
|
| 600 |
|
|
|a Poetry Hindi Criticism
|
| 852 |
|
|
|h H1092 GUP BIS
|i N92
|p 034464
|9 45.00
|t 0
|
| 942 |
|
|
|c BK
|
| 999 |
|
|
|c 5387
|d 5387
|
| 952 |
|
|
|0 0
|1 0
|4 0
|6 H_1092_000000000000000_GUP_BIS_N92
|7 0
|9 8281
|a SSUS
|b SSUS
|d 2015-01-08
|g 45.00
|o H1092 GUP BIS N92
|p 034464
|r 2015-01-08
|v 0.00
|w 2015-01-08
|y BK
|